000 00801nam a2200277Ia 4500
003 OSt
005 20221006153139.0
006 a|||||r|||| 00| 0
007 ta
008 221006b |||||||| |||| 00| 0 jpn d
020 _a9784790709923
_c¥1900
024 _a31,424
037 _bGift, Donated By Prof. Sonoko Hijikata
_cTextual
040 _aEASL
_cEASL
_bjpn
041 _2jpn
_ajpn
082 _aT5, P3
100 _aAMANO Masako Ed.
_9662621
245 0 _aJenda de manabu kyoiku
260 _aKyoto
_bSekai Shisosha Japan
_c2003
300 _a296p.
_ccm.
490 _v JL
650 _aJL
700 _a KIMURA Ryoko Ed.
_9662622
942 _hT5, P3
_cTEXL
_2CC
999 _c1099510
_d1099510